00600 2200205 4500001002100000005001700021008004100038035002400079090001700103100001500120245011000135260002700245300002500272650002400297700002300321850001200344980001700356985000600373999001500379YOGYA-0209000002721720090227024125.0 ind  0010-020900000027217 a959.8bKar K aKARYADI, M aKeluar masuk IndonesiabGuidance for entering and leaving Indonesiacoleh M.Karyadi, Sredarno S. Amidjojo aBogorbPoliticiac1973 a112 hlmbilusc23 cm aIndonesia - Keadaan aAmijoyo, Sudarmo S aYOPDYOG a2 Maret 2007 a1 a06A0021777